| 000 | 00990nam a22002897a 4500 | ||
|---|---|---|---|
| 003 | CHAP | ||
| 005 | 20220329140254.0 | ||
| 008 | 971013s1980 r 00010 d | ||
| 010 | _a49557 | ||
| 011 | _a50529 | ||
| 035 | _a54679 | ||
| 040 | _cCHAP | ||
| 082 |
_a510.78 _bT6 |
||
| 100 | 0 | 0 |
_aTorres Fentanes, José A. _9114089 |
| 245 | _aMétodos para la solución de problemas con computadora digital; programas y ejemplos | ||
| 260 |
_aMéxico, D.F. : _bRepresentaciones y servicios de ingeniería, _c1980 |
||
| 300 |
_a579 p. _b: ilus. ; gráfs. |
||
| 590 |
_aBATCH-UPD _b10 _c20130110 _lUCH01 _h0434 |
||
| 590 |
_aBATCH-UPD _b10 _c20130410 _lUCH01 _h0110 |
||
| 590 |
_aBATCH-UPD _b10 _c20130914 _lUCH01 _h0816 |
||
| 590 |
_aCONVERSION _b10 _c20130109 _lUCH01 _h1327 |
||
| 650 | 1 | 4 |
_aCalculadoras electrónicas. _917344 |
| 700 | 0 |
_aCsitrom de Gerez, Verónica. _929692 |
|
| 901 | _aBK | ||
| 942 | _cLIBRO | ||
| 949 |
_a510.78 T6 _bBC _cLIBRO _d33724000413969 _eLIBRO _gI.126472 _h66530 _i54679 _si |
||
| 999 |
_c49557 _d49557 |
||